000 01320pam a2200385 a 4500
001 111690
005 20230410103858.0
008 940607s1994 iluab b 001 0 eng
035 _a4906382
942 _2lcc
_cbk
010 _a 94022122
020 _a1566630622 (alk. paper) :
_c$16.95
035 _9(DLC) 94022122
040 _aDLC
_cDLC
_dDLC
041 _aeng
043 _aa-is---
050 1 4 _a416 DS 109.9
_bI19j 1994
082 0 0 _a956.94/42
100 1 _aIdinopulos, Thomas A.
245 1 0 _aJerusalem :
_ba history of the holiest city as seen through the struggles of Jews, Christians, and Muslims /
_cThomas A. Idinopulos.
250 _a1st Elephant paperback ed.
260 _aChicago :
_bIvan R. Dee, Publisher,
_c1994.
300 _a339 p. :
_bill., maps ;
_c24 cm.
500 _a"This book was first published in 1991 by Ivan R. Dee under the title Jerusalem Blessed, Jerusalem Cursed."
500 _a"Elephant paperbacks."
504 _aIncludes bibliographical references (p. [311-316]) and index.
651 0 _aJerusalem
_xHistory.
651 0 _aJerusalem
_xReligion.
651 0 _aJerusalem
_xIn Judaism.
651 0 _aJerusalem
_xIn Christianity.
651 0 _aJerusalem
_xIn Islam.
651 4 _aJerusalén
_xHistoria.
651 4 _aJerusalén
_xReligión.
946 _adpf
999 _c27628
_d27628